Estatísticas para Municípios da Região Metropolitana do Planalto Norte (SC) no mapa

Clique aqui para jogar o quiz

Estatísticas Gerais

  • Esse quiz foi jogado 4 vezes
  • A pontuação média é 4 de 10

Respostas no mapa

Respostas codificadas por cores de uma escala verde-vermelha no mapa do quiz de acordo com a % correta abaixo.
Carregando ...
 

Estatísticas das Respostas

Município% Correto
Mafra
100%
Porto União
100%
Canoinhas
67%
Bela Vista do Toldo
33%
Irineópolis
33%
Major Vieira
33%
Papanduva
33%
Três Barras
33%
Itaiópolis
0%
Monte Castelo
0%

Distribuição das Pontuações

Percentil de Números Respondidos

Porcentagem de Pessoas com Cada Pontuação

Sua Pontuação Histórica

Você não jogou esse quiz